000 00315nam a22001337a 4500
008 181008b xxu||||| |||| 00| 0 eng d
020 _a9780077399993
041 _aeng
080 _24th
_a610
100 _a4
101 _aSHM
245 _aClinical Procedures for Medical Assisting
_cBooth,K.A
942 _2udc
_cBK
999 _c49032
_d49032